[Event "FIDE-Wch k.o."]
[Site "Groningen"]
[Date "1997.12.19"]
[Round "4.4"]
[White "Krasenkow, Michal"]
[Black "Azmaiparashvili, Zurab"]
[Result "1/2-1/2"]
[WhiteElo "2645"]
[BlackElo "2645"]
[Annotator "Tsesarsky,I"]
[PlyCount "68"]
[EventDate "1997.12.09"]
[EventType "k.o."]
[EventRounds "7"]
[EventCountry "NED"]
[SourceTitle "CBM 063"]
[Source "ChessBase"]
[SourceDate "1998.03.26"]
[SourceVersion "1"]
[SourceVersionDate "1998.03.26"]
[SourceQuality "1"]

1. d4 d5 2. c4 e6 3. Nc3 Nf6 4. Bg5 Be7 5. cxd5 Nxd5 6. Bxe7 Qxe7 7. e4 (7. Nf3
Nxc3 8. bxc3 c5 (8... Nd7 9. e4 e5 10. Bd3 O-O 11. O-O c5 12. dxe5 (12. d5 Nb6
13. c4 Bg4 14. h3 Bxf3 15. Qxf3 Nc8 $11) 12... Nxe5 13. Nxe5 Qxe5 14. Qc2 Qe7
15. e5 h6 16. Rae1 $132 {0-1 Sadler,M-Ziatdinov,R/Dublin Telecom 1991 (30)}) (
8... O-O 9. e3 b6 10. Bd3 Bb7 11. Qc2 (11. O-O Nd7 12. e4 c5 13. Re1 cxd4 14.
cxd4 Rfc8 15. Qd2 Qa3 16. Rac1 h6 $132 {0-1 Machelett,H-Boensch,U/DEM Binz sp
1995 (31)}) 11... h6 12. Bh7+ Kh8 13. Be4 Bxe4 14. Qxe4 Nd7 15. O-O (15. Qc6
Qd6 $11) 15... c5 $11 {1/2-1/2 Geller,E-Averbakh,Y/URS-ch19 Moscow 1951 (30)})
9. e3 Nc6 10. Bd3 O-O 11. O-O b6 12. Rb1 cxd4 13. cxd4 Bb7 14. Be4 Na5 15. Qd3
h6 $11 {1/2-1/2 Geller,E-Bondarevsky,I/URS-ch19 Moscow 1951 (32)}) 7... Nxc3 8.
bxc3 c5 (8... O-O 9. Nf3 c5) 9. Nf3 O-O 10. Bd3 (10. Rb1 Rd8 11. Bc4 Nc6 12.
O-O cxd4 13. cxd4 Nxd4 14. Nxd4 e5 15. Bd5 exd4 16. Qxd4 b6 $11) 10... cxd4 11.
cxd4 Qb4+ (11... Nc6 12. O-O Rd8 13. e5 Qd7 14. Be4 (14. Bxh7+ $2 Kxh7 15. Ng5+
Kg6 $19 (15... Kg8 16. Qh5 Nxd4 17. Qh7+ Kf8 18. Qh8+ Ke7 19. Qxg7 $18)) 14...
h6 (14... b6 15. Ng5 h6 16. Nxf7 $1 $16) (14... Nxd4 15. Nxd4 Qxd4 16. Qxd4
Rxd4 17. Rfd1 Rxd1+ 18. Rxd1 g6 19. Rd8+ Kg7 20. f4 a5 21. a4 Rb8 22. Kf2 $14)
15. Qb3 b6 16. Rfd1 Na5 17. Qd3 Bb7 $15) 12. Qd2 Nc6 (12... Qxd2+ 13. Kxd2 Nc6
14. Ke3 $14) 13. Rb1 Qxd2+ 14. Kxd2 b6 (14... Rd8 15. Ke3 $14) 15. Ke3 $14 Bb7
16. g4 $5 (16. Rhc1 $142 Rac8 17. Rc2 Na5 18. Rbc1 Rxc2 19. Rxc2 Rc8 20. Rxc8+
Bxc8 21. h4 (21. d5 $1 f6 (21... exd5 22. exd5 f6 (22... Nb7 23. Ne5 $1 (23.
Kd4 f6 24. Ba6 Kf7 25. Nd2 Ke7 26. f4 Nd6 27. Bxc8 Nxc8 28. g4 Nd6 29. a4 (29.
Nc4 Nxc4 30. Kxc4 Kd6 31. Kb5 Kxd5 32. Ka6 Ke4 33. Kxa7 Kxf4 34. Kxb6 Kxg4 35.
a4 f5 36. a5 f4 37. a6 f3 38. a7 f2 39. a8=Q f1=Q 40. Qe4+ Qf4 41. Qg2+ (41.
Qxh7 Qh6+ 42. Qxh6 gxh6 43. Kc5 Kh3 44. Kd4 Kxh2 $19) 41... Kf5 42. Qxg7 Qxh2
$15) 29... a6 $11) 23... Nd6 (23... Nc5 24. Bc2 f6 25. Nc6 Bb7 26. Kd4 a6 27.
Na5 $16) 24. Kd4 $14) 23. Nd4 Bb7 24. Ke4 a6 (24... Kf7 25. Nb5 $16) 25. Nf5
Kf8 26. Kd4 g6 27. Nd6 b5 28. Kc5 $16) 22. Nd4 Kf7 23. Nb5 $16) 21... Bb7 22.
Nd2 f6 23. g3 (23. Nc4 Nxc4+ 24. Bxc4 Kf7 25. g3 Ke7 26. e5 fxe5 27. dxe5 h6
28. f4 Bc6 $11) 23... Kf7 24. e5 Bd5 25. a3 h6 $11 (25... Ke7 26. Bxh7)) 16...
Rac8 17. g5 $6 (17. Rhc1 Rfd8 18. h4 Kf8 19. Rc3 Ke7 20. Rbc1 f6 $14) 17... Rc7
$11 18. Rhc1 (18. h4 Rfc8 19. Rhc1 Na5 $11) 18... Rfc8 19. Rc2 (19. h4 Na5 20.
Kd2 Nc4+ 21. Ke2 Nd6 22. Rxc7 Rxc7 23. Nd2 f6 $11) 19... Na5 20. Rbc1 Rxc2 21.
Rxc2 Rxc2 22. Bxc2 Nc4+ 23. Kf4 (23. Kd3 Ba6 24. Kc3 Nd6 25. a4 (25. Ne5 Nb5+
26. Kd3 Na3+ 27. Kc3 Nb5+ $11 (27... Nxc2 28. Kxc2 Kf8 29. Kd2 Ke8 30. Ke3 f6
31. gxf6 gxf6 32. Nc6 Bc4 33. Nxa7 Bxa2 34. Nc8 $16)) 25... Bb7 (25... b5 26.
a5 Bb7 27. Nd2 a6 28. Kb4 Nc8 29. Kc5 Kf8 30. d5 Ke7 31. h4 h6 32. f4 hxg5 33.
fxg5 g6 34. Nf3 Nd6 35. Kb6 Bc8 36. Kc7 exd5 37. e5 Nc4 38. Kxc8 Nxa5 39. Nd4
$18) 26. Nd2 Kf8 27. h4 $14) 23... f6 24. gxf6 (24. h4 Kf7 $11) 24... gxf6 25.
Bb3 Ba6 26. e5 (26. d5 Kf7 27. a4 e5+ 28. Kg4 Nb2 29. Nd2 Kg6 $11) 26... Kg7
27. exf6+ (27. h4 h6 28. Nh2 fxe5+ 29. dxe5 Kf7 30. Ng4 Kg6 31. Bc2+ Kg7 32.
Bd3 (32. Nf6 Bb5 33. Ke4 Bc6+ 34. Kd4 Nd2 35. Bd1 Nf3+ 36. Bxf3 Bxf3 37. Ke3
Bc6 38. f4 Kg6 39. h5+ Kf5 40. Ng8 Kg4 41. Nxh6+ Kxh5 42. Ng8 Kg4 $11) 32... b5
33. Ne3 Nb2 34. Be2 Na4 35. Nc2 (35. Bg4 Nc5) 35... Nc3 36. Bg4 Kf7 37. Nd4 Bc8
38. Bh5+ Kg7 39. Bg4 $11 (39. a3 a5 40. Nc6 Nd5+ 41. Ke4 b4 42. axb4 a4 (42...
axb4 43. Nd4 $11) 43. Be2 a3 44. Bc4 Ba6 45. Bb3 a2 46. Bxa2 Nc3+ $17)) 27...
Kxf6 28. Ne5 Nxe5 29. dxe5+ Ke7 30. Bc2 (30. Kg5 Kf7 31. Kh6 Bd3 32. Bd1 b5 33.
Bh5+ Ke7 34. a3 a5 35. Bd1 b4 36. axb4 axb4 37. f4 $11) 30... h6 31. Ke4 Bc4
32. a3 Bd5+ 33. Ke3 Kd7 34. f4 a5 1/2-1/2

[Event "ARM-ch"]
[Site "Yerevan"]
[Date "1999.10.18"]
[Round "3"]
[White "Lputian, Smbat G"]
[Black "Sargissian, Gabriel"]
[Result "1-0"]
[WhiteElo "2625"]
[BlackElo "2470"]
[Annotator "Tsesarsky,I"]
[PlyCount "173"]
[EventDate "1999.10.16"]
[EventType "tourn"]
[EventRounds "11"]
[EventCountry "ARM"]
[EventCategory "10"]
[SourceTitle "CBM 074"]
[Source "ChessBase"]
[SourceDate "2000.02.01"]
[SourceVersion "1"]
[SourceVersionDate "2000.02.01"]
[SourceQuality "1"]

{[%mdl 4096]} 1. d4 {Hecht} d5 2. c4 e6 3. Nc3 Be7 4. Nf3 Nf6 5. Bg5 h6 6. Bh4
O-O 7. Rc1 b6 8. cxd5 Nxd5 9. Nxd5 exd5 10. Bxe7 Qxe7 11. g3 Ba6 (11... Re8 12.
Bg2 Ba6 13. Ne5 Nd7 14. Rxc7 Rac8 15. Rxd7 Qb4+ 16. Kf1 Qxd4 17. Nd3 Rxe2 (
17... Bxd3 18. Bxd5 (18. exd3 Qxd3+ $19) 18... Bxe2+ 19. Qxe2 Rc1+ 20. Kg2 Rxe2
21. Bxf7+ Kf8 22. Rxd4 Rxh1 23. Kxh1 Kxf7 24. Kg2 Rxb2 25. Rd7+ Kf6 26. Rxa7
$14) 18. Kxe2 Re8+ 19. Kf1 Qxd3+ 20. Qxd3 Bxd3+ 21. Kg1 Re1+ 22. Bf1 Bxf1 23.
Rd8+ Kh7 24. h4 Bd3+ 25. Kh2 Re2 26. Rc1 (26. Rxd5 Rxf2+ 27. Kg1 (27. Kh3 Be4
$19) 27... Rf1+ 28. Kg2 Rxh1 29. Rxd3 Rb1 $17) 26... Rxf2+ 27. Kg1 Rxb2 28.
Rxd5 Be4 $17) 12. e3 (12. Bg2 Re8 (12... Nd7 13. O-O c5 (13... Nf6 14. Re1 c5
$11) (13... Qxe2 14. Rxc7 (14. Qxe2 Bxe2 15. Rfe1 Bxf3 16. Bxf3 c5 17. Bxd5
Rad8 $11) 14... Qe6 15. Re1 Qd6 16. Rc3 $14) 14. dxc5 Nxc5 15. Nd4 Qf6 16. b4
Nd3 17. Rb1 Qxd4 18. b5 Bb7 19. Qd2 Nf4 20. Qxf4 Qxf4 21. gxf4 Rfc8 22. Rbc1
Rc5 $11 {0-1 Necesany,Z-Miskovsky,P/cr ch-CZE 1984 (41)}) 13. Ne5 (13. e3 Qb4+
14. Qd2 Qd6 15. Ne5 Bb7 16. O-O Nd7 17. Qc2 c6 18. Nd3 Nf6 19. Rfd1 $11 {
0-1 Varnusz,E-Letay,G/HUN tch 1991 (27)}) 13... Nd7 14. f4 Nxe5 15. dxe5 Bb7
16. O-O Red8 17. b4 c6 18. Qb3 Ba6 19. Rxc6 Bxe2 20. Rfc1 Bc4 21. Qb2 Qd7 22.
b5 (22. R6xc4 dxc4 23. Bxa8 Rxa8 24. Rxc4 Qd1+ 25. Kf2 Rd8 26. Rc2 Rd3 27. Kg2
Qf3+ 28. Kh3 Qxf4 $17) 22... a6 23. e6 fxe6 24. Bh3 Qe7 25. a4 $14 {1-0
Uhlmann,W-Grigic,Z/Vinkovci 1982 (37)}) 12... c5 13. Bxa6 (13. dxc5 bxc5 (13...
Bb7 14. Bg2 bxc5 15. O-O Nd7 16. Qb3 Rfb8 17. Qa3 Qe6 18. Rfd1 a5 19. Ne1 a4
$132 {1/2-1/2 Kortchnoi,V-Karpov,A/Merano 1981 (31)}) 14. Qxd5 (14. Bxa6 Nxa6
15. Qxd5 Nb4 16. Qc4 Qf6 17. Nh4 (17. Qe2 Rfc8 (17... Rfd8 $2 18. a3 Qxb2 19.
Qxb2 Nd3+ 20. Ke2 Nxb2 21. Rxc5 $16) 18. a3 (18. O-O Nxa2 $11) 18... Qxb2 19.
Qxb2 Nd3+ 20. Ke2 Nxb2 $11) 17... Qxb2 18. O-O Qxa2 $11 {1/2-1/2 Kortschnoj,
V-Karpov,A/Meran (m/5) 1981 (45)}) 14... Bb7 15. Qh5 (15. Qd1 Qf6 (15... Rd8
16. Qe2 Nc6 17. Bg2 Nb4 $17 {[%cal Gb7a6,Gb4d3]}) 16. Bg2 Rd8 $17) (15. Qf5 Qe6
16. Qf4 (16. Rxc5 Qxa2 (16... Qxf5 17. Rxf5 g6 18. Rf6 Kg7 19. Rf4 g5 20. Rf5
g4 $17 (20... Be4 21. Bg2 Bxf5 22. Nd4 $16))) 16... Qxa2 $15) 15... Qe4 16. Be2
Qb4+ 17. Kf1 Qxb2 18. Rxc5 Qxa2 19. Rc7 Ba6 20. Nd4 Bxe2+ 21. Qxe2 $11) 13...
Nxa6 14. O-O (14. Qa4 Nb4 15. O-O Nd3 $132) 14... Qb7 $11 {This variation is
not dangerous for black.} (14... Nc7 15. b3 Rac8 16. Re1 Rfd8 17. h4 Ne8 $1 {
/\ Nf6=} (17... Ne6 18. Qd3 Qf6 19. Kg2 cxd4 20. exd4 $11 {1-0 Petrosian,
T-Portisch,L/Palma de Mallorca cqf 1974 (40)})) (14... c4 $5 $132) 15. b3 Rac8
16. Nh4 (16. Ne5 f6 (16... Rfe8 17. Qh5 Qe7 18. Rfd1 $11) 17. Ng6 Rfe8 18. Nf4
$11) 16... Rfd8 17. Qg4 Kh7 18. Rfd1 g6 19. Nf3 Qe7 20. Ne5 (20. dxc5 $5 bxc5 (
20... f5 21. Qa4 Nxc5 22. Qh4 Qxh4 23. Nxh4 $14) (20... Nxc5 21. Rxd5 f5 22.
Rxf5 (22. Qc4 Ne6 $19)) (20... Rxc5 $1 $11) 21. Rxd5 $16) 20... Qe6 21. Qf4 (
21. Qxe6 fxe6 $11) 21... Kg7 22. h4 Qf6 23. Qg4 Nb4 $5 (23... Nc7 24. Nd7 (24.
h5 Ne6 25. hxg6 fxg6 26. Kg2 $132) 24... Qe6 $11) 24. dxc5 Nxa2 (24... Qxe5 25.
Qxb4 $16) 25. Rc2 Qxe5 26. Rxa2 bxc5 27. Rxa7 Qe4 $2 $16 (27... Ra8 $11) 28.
Qxe4 dxe4 29. Rc1 {[%csl Rc5,Re4]} Rd2 (29... Rd3 30. Rb7 Kf6 31. Rc4 Ke5 32.
b4 (32. Rxf7 $2 Rxb3 33. Re7+ Kd5 34. Rcxe4 c4 35. R4e5+ Kc6 36. R7e6+ Kb7 $44
{[%csl Yc4][%cal Gc4c1]}) 32... Kd5 33. Rxc5+ Rxc5 34. bxc5 f5 35. Rg7 $16) 30.
Rc4 Rb2 (30... Rb8 31. Rxe4 Rxb3 32. Ree7 Kf6 33. Rxf7+ Ke5 34. Rae7+ Kd5 35.
Rd7+ Ke6 36. Rxd2 Kxf7 37. Rd6 $18 {[%cal Gd6c6,Gg1g2,Gg2f3]}) (30... Rc6 31.
Rxe4 Rf6 32. Rf4 Rxf4 33. gxf4 $16) 31. Rb7 {[%cal Gb3b4]} Kg8 32. Rb5 (32. b4
Rc6 $1 (32... f5 $2 33. Rb6 (33. Kg2 h5 34. Rb5 $1 Kf8 35. Rbxc5 Rb8 36. Rc6 (
36. Rc8+ Rxc8 37. Rxc8+ Ke7 38. Rb8 Rb1 39. b5 Kf7 $11) 36... Kg7 37. Ra6 R2xb4
38. Rcc6 Kf8 39. Rxg6 $18) (33. Rb5 Kf7 34. Rbxc5 Rb8 35. Rc7+ Kf8 36. R4c6 $18
) 33... Kf7 34. Kg2 $18 {[%cal Gb6b5]} (34. Rxc5 Rxb4 35. Rxf5+ gxf5 36. Rxb4
Rc6 37. Kg2 Kf6 38. g4 fxg4 39. Rxe4 h5 40. f3 (40. Kg3 Rc1 41. Ra4 Rh1 $11)
40... Rc2+ 41. Kg3 gxf3 42. Kxf3 Kf5 43. Rb4 Rh2 44. Rb5+ Kg6 45. Rg5+ (45. Rb4
Rh3+ 46. Ke2 Kf5 47. Rf4+ Ke5 48. Ra4 Kf5 49. Kf2 (49. Kd3 Rh1 $11) 49... Kf6
$11) 45... Kh6 46. Kg3 Re2 (46... Rh1) 47. Re5 Kg6 48. Kf3 Rh2 $11)) 33. Rxe4
Rf6 $44) 32... Rc6 33. Rxe4 (33. b4 Rf6 $44) 33... Rf6 34. Rf4 Rxf4 35. gxf4
Kg7 36. Kg2 $6 (36. h5 $1 gxh5 (36... g5 37. fxg5 hxg5 38. Rxc5 Kh6 39. Rc3
Kxh5 40. Kg2 $16) 37. Rxc5 Rxb3 38. Rxh5 $16) 36... Rc2 (36... h5 $5 37. f5
gxf5 38. Rxc5 Rxb3 39. Rxf5 Kg6 40. Rg5+ Kh6 $11 {Analyse}) 37. Kg3 c4 38. bxc4
Rxc4 {Hecht: '[#] Es entsteht sofort die Bauernverteilung f+e gegen f mit dem
zusätzlichen Bauernpärchen auf der h-Linie. Weiß erreicht mit geduldigem
Lavieren allmählich großen Raumvorteil und gewinnt schließlich. Dieses
Endspiel habe ich nicht näher untersucht. '} 39. f3 Rc1 (39... h5 $11) 40. f5
gxf5 41. Rxf5 Ra1 (41... Kg6 42. Ra5 h5 $11 {like in the game Ostojic-Stupica,
Jugoslavia 1968. 1/2}) 42. e4 Rg1+ 43. Kf4 Rh1 44. Kg4 Kg6 45. Rb5 Rg1+ 46. Kf4
Rh1 47. Rb6+ Kg7 48. Kg4 Rg1+ 49. Kh5 Rf1 50. Rb3 Re1 (50... Rg1 51. f4 (51. e5
Rf1 $11) 51... Rf1 52. Kg4 Rg1+ 53. Kf5 Rh1 $11) 51. Rb7 Rf1 52. Kg4 Rg1+ (
52... h5+ $1 53. Kf4 Kg6 (53... Rg1 54. e5 Kg6 55. Rb6+ Kg7 56. Kf5 Rg3 57. Rb3
(57. f4 Rg4 58. Rb7 Kg8) 57... Kf8 (57... Rg1 58. Rb7 Kg8 59. f4 Rg4 60. Rb4
Kg7 $11) 58. Kf4 Rg6 (58... Rh3 59. Kg5 $18) 59. Rd3 (59. Ke4 Rg1 60. f4 Rh1
61. f5 Rxh4+ 62. Kd5 Ra4 63. f6 (63. Rb8+ Kg7 64. f6+ Kg6 65. Rg8+ Kf5 $11)
63... Kg8 $11) 59... Rg1 60. Kf5 Rg3) 54. Rb6+ Kg7 55. Rb5 Kg6 56. Rg5+ Kh6 $11
{[%csl Rh4][%cal Gf1h1]}) 53. Kf5 Rh1 (53... h5 $11) 54. Kg4 Rg1+ 55. Kh5 Rf1
56. Rb3 Re1 57. Rb5 Rf1 58. Rf5 Ra1 59. e5 Re1 60. f4 Rg1 61. Rf6 Rf1 (61...
Rg2 62. Rxh6 $18) 62. Kg4 Rg1+ 63. Kf3 Rh1 64. Kg3 Rg1+ $2 $18 ({Last
possibility was} 64... h5 $1 $11) 65. Kh2 Ra1 66. h5 $1 Ra2+ (66... Ra3 67. Kg2
Rb3 68. Ra6 Rc3 69. Ra7 Kg8 70. Ra2 Kg7 71. Re2 f6 72. e6 Kf8 73. f5 Ke7 74.
Rf2 Ra3 75. Rf3 Ra2+ 76. Kg3 Ra4 77. Rd3 Ra7 78. Kf3 Rb7 79. Ke4 Rb4+ 80. Rd4
Rb7 81. Rd7+ Rxd7 82. exd7 Kxd7 83. Kd5 $18) 67. Kg3 Ra3+ 68. Kg4 Ra1 69. Rb6
Rg1+ 70. Kf3 Rf1+ (70... Rh1 71. Rb7 Kg8 72. Kg4 Rg1+ 73. Kf5 Ra1 (73... Rh1
74. Kf6 $18) 74. Kf6 (74. Rd7 Ra4) 74... Ra6+ 75. Ke7 Re6+ 76. Kd7 Kg7 77. Rc7
$18) 71. Ke4 Re1+ 72. Kd5 Rd1+ 73. Kc6 Rf1 74. Rb4 Kf8 75. Kd5 Kg7 76. Kd6 Rf2
77. Ke7 Rf1 78. Rb6 $1 Ra1 (78... Rxf4 79. Rf6 Ra4 80. Rxf7+ Kg8 81. e6 Ra7+
82. Kf6 Ra1 83. Rg7+ Kh8 84. Rd7 Kg8 85. Kg6 Kf8 86. Rf7+ Ke8 87. Kxh6 Re1 88.
Rf6 Ke7 89. Kg7 $18) 79. f5 Ra7+ 80. Kd6 Ra1 81. f6+ Kg8 82. Rb8+ Kh7 {Hecht:
'Achtung - Pattstellung!'} 83. Rb7 Ra6+ 84. Ke7 Re6+ 85. Kxf7 Rxe5 86. Re7 Ra5
87. Ke6+ 1-0

[Event "Madrid Magistral 6th"]
[Site "Madrid"]
[Date "1997.05.25"]
[Round "4"]
[White "Piket, Jeroen"]
[Black "San Segundo Carrillo, Pablo"]
[Result "1-0"]
[WhiteElo "2640"]
[BlackElo "2505"]
[Annotator "Tsesarsky,I"]
[PlyCount "87"]
[EventDate "1997.06.??"]
[EventType "tourn"]
[EventRounds "9"]
[EventCountry "ESP"]
[EventCategory "17"]
[SourceTitle "CBM 059"]
[Source "ChessBase"]
[SourceDate "1997.08.01"]
[SourceVersion "1"]
[SourceVersionDate "1997.08.01"]
[SourceQuality "1"]

1. d4 d5 (1... Nf6 2. c4 e6 3. Nf3 d5 4. Nc3 Nbd7 5. cxd5 exd5 6. Bf4 c6 7. Qc2
Bb4 8. e3 Nh5 9. Bg5 Be7 10. Bxe7 Qxe7 11. O-O-O {This position with Ph6 will
occur in this game...} Nb6 12. h3 g6 13. Bd3 Ng7 14. g4 Bd7 (14... Be6 $5 {
/\ Rd8, Nc8-d6+/=}) 15. Kb1 O-O-O 16. Qb3 $1 {N; /\ a4-a5} (16. Na4 {- 52/(401)
}) 16... Be6 $1 17. Rc1 $1 Kb8 (17... Nc4 $5 18. e4 Kb8 19. Na4 {/\ Nc5|^}) 18.
Na4 $1 $16 {Epishin,V-Ivanchuk,V/Tilburg 1992/0-1 (75)}) 2. c4 e6 (2... c6 3.
Nf3 Nf6 4. Nc3 e6 5. Bg5 Nbd7 6. cxd5 exd5 7. e3 Be7 8. Qc2 Nh5 9. Bxe7 Qxe7
10. O-O-O Nb6 {This position with Ph6 will occur in this game...} 11. Ne5 (11.
h3 g6 12. g4 Ng7 13. Bd3 Be6 14. Ne2 O-O-O 15. Nf4 Kb8 16. Be2 Ne8 17. Nd2 Nd6
18. h4 Bc8 19. Nb3 Ne4 20. Bf3 f5 {1/2-1/2 Kasparov,G-Smyslov,V/URS-ch55
Moscow 1988}) 11... Nf6 12. Bd3 Be6 13. Kb1 Nfd7 14. Nxd7 Nxd7 15. f3 O-O-O 16.
Na4 Kb8 17. Rhe1 Rhe8 {1/2-1/2 Rajkovic,D-Cabrilo,G/JUG-Cup Svetozarevo 1990})
3. Nc3 Be7 4. Nf3 Nf6 5. Bg5 Nbd7 6. Qc2 h6 7. cxd5 $1 $146 (7. Bh4 c5 (7...
dxc4 8. e3 a6 9. a4 c5 10. dxc5 Nd5 11. Bxe7 Nb4 12. Qd2 Qxe7 13. Ne4 Nxc5 14.
Nd6+ Kf8 15. Qxb4 Qxd6 16. Qxc4 $14 {1-0 Barbero,G-Costa,J/Bern 1991 (40)}) 8.
dxc5 Qa5 9. e3 Nxc5 10. Nd2 Nce4 11. Nb3 Qc7 12. Nxe4 Nxe4 13. Bxe7 Qxe7 14.
cxd5 exd5 15. Bb5+ Bd7 16. Bxd7+ Qxd7 17. O-O $14 {Seirawan,Y-Orlov,G/New York
op 1990/1/2-1/2 (64)}) 7... exd5 (7... hxg5 $6 8. dxe6 Nb6 $5 (8... fxe6 $4 9.
Qg6+ Kf8 10. Nxg5 $18) (8... Nf8 $5 9. exf7+ Kxf7 10. Qb3+ (10. Nxg5+ Ke8 (
10... Kg8 11. Qb3+ $18) 11. O-O-O $1 (11. Qb3 $6 Nd5 $1 12. Nf7 (12. Qxd5 Bxg5
$15) 12... Kxf7 13. Nxd5 Be6 14. Qf3+ Ke8 15. Nxe7 Qxd4 16. Nc6 $5 Qc5 $15)
11... Nd5 12. Nge4 Nb4 (12... Bg4 13. Qb3 Nxc3 14. Nxc3 $14) 13. Qa4+ Bd7 (
13... c6 14. d5 $1 $16) 14. Qb3 Be6 15. d5 $14) 10... Ke8 (10... Kg6) 11. Nxg5
Nd5 $1 $15) 9. exf7+ Kf8 $5 (9... Kxf7 10. Ne5+ (10. Nxg5+ Kg8 $15) 10... Kf8
11. Ng6+ Kg8 12. Nxh8 Kxh8 13. Rd1 $16) 10. O-O-O $1 $14 (10. Ne5 Rh6 $15)) 8.
Bh4 c6 9. e3 Nh5 $5 (9... O-O 10. Bd3 Re8 11. O-O-O (11. Nd2 $6 Ng4 12. Bg3 Bh4
13. Nf3 Bxg3 14. hxg3 Ndf6 15. O-O-O Qe7 $11 {1/2-1/2 Schneider,B-Capelan,G/
Solingen 1986 (69)}) (11. O-O) (11. O-O-O Ne4 (11... Qa5 12. g4 Nxg4 13. Bxe7
Rxe7 14. Rhg1 Ngf6 15. Rg2 Ne8 16. Nh4 Ndf6 $44 {1-0 Panov,V-Ananchenko/Yalta
op 1995 (29)}) 12. Bg3 Nxc3 13. Qxc3 a5 14. Kb1 a4 $132 {1/2-1/2 Kortschnoj,
V-Pfleger,H/EU-chT Hamburg 1965 (43)})) 10. Bxe7 Qxe7 11. O-O-O Nb6 12. Ne5 $1
$14 {[%csl Rg6]} (12. Bd3 Bg4) (12. h3 $5) 12... Nf6 13. h3 (13. Bd3 $14) 13...
Bd7 (13... Be6 14. g4 O-O-O 15. Kb1 $14) 14. Bd3 O-O-O 15. Rhe1 (15. Kb1 $5) (
15. Nb5 $5 a6 $1 (15... Kb8 16. Qc5 Qxc5+ (16... Rhe8 17. Nxf7 $1 $18) 17. dxc5
Na4 (17... cxb5 18. cxb6 Rc8+ 19. Kd2 Be6 20. bxa7+ Kxa7 21. Rc1 $16) 18. Nd6
$16) 16. Nxf7 (16. Qc5 Qxc5+ 17. dxc5 axb5 18. cxb6 Be6 $15) 16... axb5 17.
Nxh8 Rxh8 18. Bxb5 $14) 15... Kb8 16. Kb1 Rc8 (16... Rhe8 17. g4 Bc8 18. f4 $14
) 17. g4 Rc7 18. f3 (18. f4 $5 Re8 19. e4 dxe4 20. Nxe4 Nfd5 21. Nc5 Ka8 (21...
Be6 22. f5 $1 Nb4 23. Qc3 $1 Bxa2+ 24. Ka1 N6d5 25. Nxc6+ Rxc6 26. Rxe7 Rxe7
27. Qd2 $16) 22. Qf2 $1 $14 (22. Nexd7 $2 Qxe1 $19)) 18... Rd8 19. Qh2 $1 Bc8
20. Bc2 $6 (20. h4 $5 Nfd7 21. Nxd7+ (21. f4 $2 Nxe5 22. fxe5 Bxg4 $17) 21...
Nxd7 22. Rc1 Nf8 23. h5 $14) 20... Ne8 21. e4 $6 dxe4 22. fxe4 Qd6 (22... f6 $1
23. Nf3 (23. Ng6 Qb4 24. Qf2 $132) 23... Nd6 $132) 23. Qf2 Be6 $6 (23... f6 $5
24. Nf3 (24. Nd3 $2 Qxd4 $17) 24... Re7 $11) 24. Re2 Nc4 $6 (24... f6 25. Nd3
Re7 $132 (25... Qxd4 $4 26. Nc5 $18)) 25. Nd3 $5 (25. Bb3 Nxe5 26. dxe5 Qe7 27.
Rxd8+ Qxd8 28. Bxe6 fxe6 29. Rd2 Rd7 30. Rxd7 Qxd7 31. Qf8 $11) 25... Bc8 (
25... Qxd4 $2 26. Nc1 $18) 26. Nc5 $14 Qe7 27. Bd3 (27. Bb3 Na5 28. Bc2 Nc4)
27... Nb6 28. Red2 Qf6 $6 (28... Qd6 29. Ne2 Nd7 30. Nb3 $14) (28... f6 $5 $14)
29. Bc2 Qxf2 30. Rxf2 Re7 31. Bb3 f6 32. Rfd2 Nc7 33. d5 $5 cxd5 $5 (33... Rd6
$5 $132) 34. exd5 Rd6 $4 (34... Re5 35. d6 Nb5 $1 36. Nxb5 Rxc5 37. Nc7 Re5 38.
Rd4 $11) 35. N5e4 $18 Ne8 (35... Rxd5 36. Bxd5 Ncxd5 37. Rxd5 Nxd5 38. Rxd5 $18
) 36. Nxd6 Nxd6 37. Re2 Rc7 38. Ne4 Re7 39. Rde1 Rd7 40. Nxd6 Rxd6 41. Re8 a5
42. Rc1 a4 43. Bxa4 Rxd5 44. Bb3 1-0